Cómo evaluar en el enfoque por competencias / (Record no. 3950)

000 -CABECERA
fixed length control field 01011nam a22002177a 4500
003 - IDENTIFICADOR DEL NÚMERO DE CONTROL
control field AR-CdUCM
008 - DATOS DE LONGITUD FIJA--INFORMACIÓN GENERAL
fixed length control field 190307b ||||| |||| 00| 0 spa d
040 ## - FUENTE DE LA CATALOGACIÓN
Agencia/entidad que catalogó originalmente la obra MUNICIPALIDAD PROVINCIAL DEL CUSCO
Entidad que transcribió la catalogación BIBLIOTECA MUNICIPAL DEL CUSCO
082 ## - NÚMERO DE LA CLASIFICACIÓN DECIMAL DEWEY
No. de Clasificación 371.272 /
Notacion interna C514
100 ## - ENTRADA PRINCIPAL--NOMBRE DE PERSONA
Nombre Personal Chahuayo Súcñer, Víctor Manuel
245 ## - MENCIÓN DE TÍTULO
Título Cómo evaluar en el enfoque por competencias /
260 ## - PUBLICACIÓN, DISTRIBUCIÓN, ETC.
Lugar de publicación, distribución, etc. Cusco :
Nombre de la editorial, distribuidor, etc. Ideagraf E.I.R.L.,
Fecha de publicación, distribución, etc. 2016.
300 ## - DESCRIPCIÓN FÍSICA
Nº de Páginas Extensión 97 páginas ;
Dimensiones 20 cm.
505 ## - NOTA DE CONTENIDO CON FORMATO
Nota de contenido formateada Contenido: ¿Qué es la SITUACIÓN SIGNIFICATIVA en el campo del trabajo significativo? -- <br/>¿Qué es COMPETENCIA de acuerdo a la labor pedagógica? --¿Qué es una CAPACIDAD en la labor pedagógica? -- ¿Qué es INDICADOR de acuerdo a la labor pedagógica? ...
650 ## - PUNTO DE ACCESO ADICIONAL DE MATERIA--TÉRMINO DE MATERIA
Descriptor Rendimiento académico - Evaluación
9 (RLIN) 12635
650 ## - PUNTO DE ACCESO ADICIONAL DE MATERIA--TÉRMINO DE MATERIA
Descriptor Estudiantes - Evaluación
9 (RLIN) 12636
650 ## - PUNTO DE ACCESO ADICIONAL DE MATERIA--TÉRMINO DE MATERIA
Descriptor Mediciones y pruebas educativas - Metodología
9 (RLIN) 12637
650 ## - PUNTO DE ACCESO ADICIONAL DE MATERIA--TÉRMINO DE MATERIA
Descriptor Competencias - Educación
9 (RLIN) 12638
942 ## - ELEMENTOS DE PUNTO DE ACCESO ADICIONAL (KOHA)
Fuente de clasificación
Tipo de item Libros-BMC
945 ## - PROCESAMIENTO DE INFORMACIÓN LOCAL (OCLC)
Catalogador lccs
Holdings
Estado de retiro (separado) Fuente de clasificación o esquema de estanterías Estado dañado Ubicación Sala donde se ubica Nombre de la colección Fecha de adquisición o compra Costo, precio normal en soles Signatura topográfica Código de Barras Última vez visto (Koha) Tipo de ítem (Koha)
No     Sala Humanidades Sala Humanidades Book Cart 2019-03-07 20.00 371.272 / C514 SH0000004119 2019-03-07 Libros-BMC

Powered by Koha